00350nam a2200133Ia 4500008004100000041000800041082001600049100002000065245004800085250001300133260002800146300001100174650003100185231207s9999 xx 000 0 und d aeng a001.642/DAV aDevid Gustafson aTheory and Probles of Software Engineering, a2003 Ed. bTata mc graw hill Delhi aPB/223 aComnputer Program Language